000
00302 a2200145 4500
001
65727
020
_a
9788516094850
040
_c
Anchieta - Pituba
240
1
0
_a
Matemática 9º ano
_l
por
245
1
0
_a
Matemática 9º ano
300
_a
311
362
0
_a
2014
650
4
_a
Matemática
942
_c
BK
999
_c
65727
_d
65727